[Event "74th ch-BUL"]
[Site "Kyustendil BUL"]
[Date "2010.04.13"]
[Round "9"]
[White "Spasov,V"]
[Black "Radulski,J"]
[Result "1/2-1/2"]
[WhiteElo "2599"]
[BlackElo "2592"]
[EventDate "2010.04.07"]

1. e4 e5 2. Nf3 Nc6 3. d4 exd4 4. Nxd4 Nf6 5. Nc3 Bb4 6. Nxc6 bxc6 7. Bd3
d5 8. exd5 O-O 9. O-O cxd5 10. Bg5 c6 11. Qf3 Rb8 12. Bxf6 Qxf6 13. Qxf6
gxf6 14. Ne2 Bd6 15. b3 Be5 16. Rae1 a5 17. Kh1 Re8 18. f4 Bd6 19. Ng3 Rxe1
20. Rxe1 Bg4 21. Nf5 Bxf5 22. Bxf5 Bxf4 23. Bd7 c5 24. g3 Be5 25. Rd1 d4
26. Bf5 h6 27. Bd3 Kf8 28. a4 Re8 29. Re1 Re6 30. Bc4 Re7 31. Kg2 Bd6 32.
Rxe7 Kxe7 33. Kf3 f5 1/2-1/2

[Event "74th ch-BUL"]
[Site "Kyustendil BUL"]
[Date "2010.04.13"]
[Round "9"]
[White "Chatalbashev,B"]
[Black "Iotov,V"]
[Result "1-0"]
[WhiteElo "2555"]
[BlackElo "2568"]
[EventDate "2010.04.07"]

1. c4 e6 2. Nf3 d5 3. g3 dxc4 4. Qa4+ Nd7 5. Bg2 a6 6. Qxc4 b5 7. Qc2 Bb7
8. O-O c5 9. d3 Be7 10. a4 Ngf6 11. Nc3 Qb6 12. axb5 axb5 13. Rxa8+ Bxa8
14. Qb3 b4 15. Nb1 O-O 16. Nbd2 Qa6 17. Nc4 Nd5 18. Bg5 f6 19. Be3 Bb7 20.
Rc1 Ra8 21. Qd1 f5 22. Qd2 Bf6 23. Bg5 Qc6 24. e4 Bxg5 25. Qxg5 fxe4 26.
dxe4 N5f6 27. e5 h6 28. Qd2 Ne8 29. Nh4 Qc7 30. Bxb7 Qxb7 31. Ng6 Nf8 32.
Nxf8 Kxf8 33. Nd6 Qf3 34. Rxc5 Kg8 35. Rc1 b3 36. Nxe8 Rxe8 37. Qd7 Qf7 38.
Qxf7+ Kxf7 39. Rc7+ Kg6 40. Rb7 Kf5 1-0

[Event "74th ch-BUL"]
[Site "Kyustendil BUL"]
[Date "2010.04.13"]
[Round "9"]
[White "Janev,E"]
[Black "Berbatov,K"]
[Result "0-1"]
[WhiteElo "2450"]
[BlackElo "2481"]
[EventDate "2010.04.07"]

1. d4 Nf6 2. c4 g6 3. Nc3 Bg7 4. e4 d6 5. Nf3 O-O 6. h3 Nbd7 7. Bd3 e5 8.
d5 Nh5 9. Bc2 a6 10. Bg5 Qe8 11. Qd2 f6 12. Be3 f5 13. exf5 gxf5 14. g4 f4
15. Ng5 fxe3 16. fxe3 Qe7 17. h4 Nhf6 18. Ne6 Nxg4 19. Nxf8 Qxf8 20. Rf1
Qe7 21. O-O-O Ndf6 22. Rg1 Kh8 23. Rdf1 Bh6 24. Rg3 Bd7 25. Qd3 Rg8 26. Kb1
Be8 27. Qe2 Bh5 28. Rf5 Bg6 29. Rf1 Bxc2+ 30. Kxc2 Rg6 31. Kb3 Qg7 32. Rf5
Qd7 33. Rf1 Nh5 34. Rgf3 Ngf6 35. Qf2 Qg7 36. Rf5 Rg2 37. Qe1 Qg6 38. Ka3
Kg7 39. R1f3 Rg1 40. Qd2 Qg4 41. Qf2 e4 42. Nxe4 Nxe4 43. Rf7+ Kg6 44. Qc2
Rg2 45. Qb1 Bg7 46. R7f4 Nxf4 47. Rxf4 Qxf4 48. exf4 Bxb2+ 49. Kb3 Kf5 50.
Qd1 Nc5+ 51. Kb4 a5+ 52. Kb5 Bc3 53. Qh5+ Ke4 54. Qxh7+ Kf3 55. Qh5+ Ke3
56. Qe8+ Kd3 57. Qg6+ Rxg6 0-1

[Event "74th ch-BUL"]
[Site "Kyustendil BUL"]
[Date "2010.04.14"]
[Round "10"]
[White "Arnaudov,G"]
[Black "Berbatov,K"]
[Result "0-1"]
[WhiteElo "2404"]
[BlackElo "2481"]
[EventDate "2010.04.07"]

1. d4 Nf6 2. c4 g6 3. Nc3 Bg7 4. e4 d6 5. h3 O-O 6. Nf3 e5 7. d5 a5 8. Bg5
Na6 9. Be2 Nc5 10. Nd2 c6 11. Nb3 h6 12. Bxf6 Bxf6 13. Nxc5 dxc5 14. Bg4
Qb6 15. Rb1 Qb4 16. Bxc8 Rfxc8 17. Qe2 a4 18. O-O h5 19. Rfc1 Bg5 20. Rc2
Qa5 21. g3 h4 22. Kg2 Kg7 23. Rd1 Rab8 24. Qg4 Bf6 25. dxc6 bxc6 26. Rd7
Rd8 27. gxh4 Rxd7 28. Qxd7 Qa6 29. h5 Rd8 30. h6+ Kg8 31. Qg4 Qxc4 32. a3
Kh7 33. Qe2 Qb3 34. Rc1 Bg5 35. Rc2 Kxh6 36. Nb1 Rd3 37. Rc3 Rxc3 38. Nxc3
Bc1 39. Nd1 c4 40. Ne3 Bxe3 41. Qxe3+ Qxe3 42. fxe3 Kh5 43. Kg3 g5 44. Kg2
Kh4 45. Kh2 g4 46. hxg4 Kxg4 47. Kg2 f5 48. exf5 Kxf5 49. Kf3 c5 50. e4+
Kg5 51. Kg3 c3 52. bxc3 c4 0-1

[Event "74th ch-BUL"]
[Site "Kyustendil BUL"]
[Date "2010.04.14"]
[Round "10"]
[White "Iotov,V"]
[Black "Janev,E"]
[Result "1-0"]
[WhiteElo "2568"]
[BlackElo "2450"]
[EventDate "2010.04.07"]

1. d4 Nf6 2. c4 d6 3. Nc3 g6 4. e4 Bg7 5. Nf3 O-O 6. Be2 Bg4 7. Be3 Nfd7 8.
Ng1 Bxe2 9. Ngxe2 e5 10. O-O a5 11. d5 Na6 12. a3 Qh4 13. f3 Bh6 14. Bf2
Qg5 15. Rb1 Nb6 16. b3 Nc5 17. Nb5 Rfc8 18. b4 axb4 19. axb4 Nca4 20. Qc2
Qd2 21. Rfc1 Qxc2 22. Rxc2 Nd7 23. Na7 Rd8 24. Ra1 Ndb6 25. c5 dxc5 26.
bxc5 Rxa7 27. cxb6 cxb6 28. Rca2 Rda8 29. Nc3 b5 30. Nxb5 Ra5 31. Nc7 Rc8
32. d6 b5 33. Bb6 Ra6 34. Nxa6 Nxb6 35. Nc7 Be3+ 36. Kf1 b4 37. Nd5 b3 38.
Ne7+ Kg7 39. Nxc8 Bg5 1-0

[Event "74th ch-BUL"]
[Site "Kyustendil BUL"]
[Date "2010.04.14"]
[Round "10"]
[White "Radulski,J"]
[Black "Chatalbashev,B"]
[Result "0-1"]
[WhiteElo "2592"]
[BlackElo "2555"]
[EventDate "2010.04.07"]

1. e4 d6 2. d4 Nf6 3. Nc3 g6 4. Nf3 Bg7 5. Be2 O-O 6. O-O c5 7. dxc5 dxc5
8. Be3 b6 9. Qxd8 Rxd8 10. Rfd1 Nc6 11. Rxd8+ Nxd8 12. Rd1 Bb7 13. e5 Ng4
14. Bg5 Nxe5 15. Nxe5 Bxe5 16. Rd7 Bc6 17. Rxe7 Ne6 18. Nb5 Kf8 19. Nxa7
Be4 20. Nb5 h6 21. Rxe6 fxe6 22. Bxh6+ Kf7 23. f4 Bd4+ 24. Kf1 Bxc2 25. Bc4
Rh8 26. Bg5 Rxh2 27. Bd8 Rh1+ 28. Ke2 Rg1 29. Bxb6 Rxg2+ 30. Kf3 Rf2+ 31.
Kg3 Rd2 32. Nc7 Bf2+ 33. Kg2 Be4+ 34. Kf1 Bf5 35. Kg2 Rxb2 36. Nb5 Be4+ 37.
Kh3 Bd5 38. Bd3 c4 0-1

[Event "74th ch-BUL"]
[Site "Kyustendil BUL"]
[Date "2010.04.14"]
[Round "10"]
[White "Petkov,V"]
[Black "Spasov,V"]
[Result "1/2-1/2"]
[WhiteElo "2484"]
[BlackElo "2599"]
[EventDate "2010.04.07"]

1. d4 g6 2. c4 Nf6 3. Nc3 Bg7 4. Nf3 O-O 5. g3 d6 6. Bg2 Nbd7 7. O-O e5 8.
e4 exd4 9. Nxd4 Re8 10. h3 Nc5 11. Re1 Bd7 12. Rb1 h6 13. b4 Ne6 14. Nde2
Ng5 15. Nf4 Qc8 16. h4 Nh3+ 17. Nxh3 Bxh3 18. Nd5 Bxg2 19. Nxf6+ Bxf6 20.
Kxg2 h5 21. Bb2 Bxb2 22. Rxb2 a5 23. a3 axb4 24. axb4 Qe6 25. Qd5 Qxd5 26.
cxd5 c6 27. dxc6 bxc6 28. Rd1 Rxe4 29. Rxd6 Rb8 30. Rxc6 Rexb4 31. Rxb4
Rxb4 32. Ra6 Kg7 1/2-1/2

[Event "74th ch-BUL"]
[Site "Kyustendil BUL"]
[Date "2010.04.14"]
[Round "10"]
[White "Badev,K"]
[Black "Nikolov,Mo"]
[Result "1-0"]
[WhiteElo "2396"]
[BlackElo "2550"]
[EventDate "2010.04.07"]

1. e4 c5 2. Nf3 e6 3. d4 cxd4 4. Nxd4 a6 5. Nc3 Qc7 6. g3 Nf6 7. Bg2 Be7 8.
O-O O-O 9. g4 Nc6 10. g5 Nxd4 11. Qxd4 Ng4 12. e5 Nxe5 13. Bf4 d6 14. Rad1
Rd8 15. Rfe1 Nc6 16. Qe4 Bf8 17. Rd3 Qa5 18. Rh3 h6 19. gxh6 g6 20. Bd2 Qc7
21. Bg5 Be7 22. h7+ Kh8 23. Nd5 exd5 24. Bf6+ 1-0

[Event "74th ch-BUL"]
[Site "Kyustendil BUL"]
[Date "2010.04.14"]
[Round "10"]
[White "Marholev,D"]
[Black "Milchev,N"]
[Result "1-0"]
[WhiteElo "2423"]
[BlackElo "2382"]
[EventDate "2010.04.07"]

1. e4 d5 2. exd5 Qxd5 3. Nc3 Qd6 4. d4 Nf6 5. Nf3 a6 6. a3 b5 7. g3 Bb7 8.
Bg2 Nbd7 9. O-O e6 10. Bf4 Qb6 11. a4 b4 12. a5 Qa7 13. Na2 Nd5 14. Bd2 c5
15. dxc5 Bxc5 16. Ne1 Ne5 17. Qe2 Qb8 18. Nxb4 Nxb4 19. Bxb7 Ra7 20. Bg2
O-O 21. c3 Nd5 22. b4 Bd6 23. f4 Nc6 24. f5 Re8 25. fxe6 Rxe6 26. Qc4 Nde7
27. Nd3 Rc7 28. Qa2 Ne5 29. Nxe5 Bxe5 30. Rae1 Ng6 31. Bd5 Ree7 32. c4 Kh8
33. c5 Rcd7 34. c6 Rd6 35. Be3 Bc3 36. Re2 Rxe3 37. Rxe3 Bd4 38. Rfe1 Qa7
39. Qf2 Ne5 40. Kg2 h6 41. Qf5 Rf6 42. Rxe5 Rxf5 43. Rxf5 f6 44. Re8+ Kh7
45. Be4 Kg6 46. Rfe5+ Kf7 47. Bd5+ Kg6 48. R5e7 1-0

[Event "74th ch-BUL"]
[Site "Kyustendil BUL"]
[Date "2010.04.15"]
[Round "11"]
[White "Milchev,N"]
[Black "Arnaudov,G"]
[Result "0-1"]
[WhiteElo "2382"]
[BlackElo "2404"]
[EventDate "2010.04.07"]

1. d4 Nf6 2. Nf3 e6 3. c4 c5 4. e3 cxd4 5. exd4 d5 6. Nc3 Bb4 7. a3 Bxc3+
8. bxc3 dxc4 9. Bxc4 Qc7 10. Qd3 Nbd7 11. a4 O-O 12. a5 e5 13. Nxe5 Nxe5
14. dxe5 Qxe5+ 15. Be3 Qc7 16. Qd4 Re8 17. Be2 Bg4 18. f3 Bf5 19. Kf2 Rad8
20. Qc4 Qe7 21. Bc5 Qe5 22. Bd4 Rxd4 23. cxd4 Qe3+ 24. Kf1 Rc8 25. Qb5 Rc2
26. Re1 g6 27. Qe5 Ne4 28. fxe4 Bg4 29. Qe8+ Kg7 30. Qe5+ Kh6 31. g3 Bh3+
0-1

[Event "74th ch-BUL"]
[Site "Kyustendil BUL"]
[Date "2010.04.15"]
[Round "11"]
[White "Nikolov,Mo"]
[Black "Marholev,D"]
[Result "1/2-1/2"]
[WhiteElo "2550"]
[BlackElo "2423"]
[EventDate "2010.04.07"]

1. d4 Nf6 2. c4 g6 3. Nc3 Bg7 4. e4 d6 5. f3 O-O 6. Bg5 c5 7. d5 h6 8. Be3
e6 9. Qd2 exd5 10. cxd5 h5 11. Be2 Nh7 12. Bd1 Nd7 13. Nge2 Ne5 14. Bb3 Qa5
15. O-O b5 16. Bh6 Bxh6 17. Qxh6 b4 18. Nd1 Ba6 19. Qe3 Qb5 20. Rf2 Nd3 21.
Rf1 Nf4 22. Ng3 Nd3 23. Qh6 Qb6 24. Kh1 c4 25. Bc2 Qd4 26. Bxd3 cxd3 27.
Rf2 Rfc8 28. Qe3 Qg7 29. Rc1 Rxc1 30. Qxc1 Rc8 31. Qe3 Rc7 32. Kg1 1/2-1/2

[Event "74th ch-BUL"]
[Site "Kyustendil BUL"]
[Date "2010.04.15"]
[Round "11"]
[White "Kukov,V"]
[Black "Badev,K"]
[Result "1-0"]
[WhiteElo "2368"]
[BlackElo "2396"]
[EventDate "2010.04.07"]

1. d4 Nf6 2. Bg5 e6 3. c3 h6 4. Bxf6 Qxf6 5. e4 d6 6. Bd3 g6 7. Ne2 Bg7 8.
O-O Nd7 9. f4 c5 10. e5 Qe7 11. Nd2 cxd4 12. cxd4 O-O 13. Ne4 dxe5 14. fxe5
Nb6 15. Nf6+ Bxf6 16. exf6 Qb4 17. Qc1 Kh7 18. Rf4 Rh8 19. Rh4 Qf8 20. Qg5
Bd7 21. Nf4 Be8 22. Rf1 Rd8 23. Nxg6 fxg6 24. f7 1-0

[Event "74th ch-BUL"]
[Site "Kyustendil BUL"]
[Date "2010.04.15"]
[Round "11"]
[White "Spasov,V"]
[Black "Georgiev,Ki"]
[Result "1/2-1/2"]
[WhiteElo "2599"]
[BlackElo "2669"]
[EventDate "2010.04.07"]

1. e4 e5 2. Bc4 Nf6 3. d3 c6 4. Nf3 d5 5. Bb3 Bd6 6. Nc3 dxe4 7. Ng5 O-O 8.
Ncxe4 Nxe4 9. Nxe4 Bf5 10. Qf3 Bxe4 11. dxe4 Nd7 12. c3 a5 13. O-O Nc5 14.
Bc2 a4 15. Rd1 Qe7 16. Bd2 Rfd8 17. Qg4 Qe6 18. Qxe6 Nxe6 19. Kf1 Kf8 20.
g3 Ke7 21. Ke2 b5 22. Be1 Bc5 23. Rxd8 Rxd8 24. Rd1 Rxd1 25. Bxd1 Bb6 26.
b3 axb3 27. axb3 g6 28. b4 Ba7 29. Bd2 f6 30. Bb3 Bb6 31. Bxe6 Kxe6 32. f3
h5 1/2-1/2

[Event "74th ch-BUL"]
[Site "Kyustendil BUL"]
[Date "2010.04.15"]
[Round "11"]
[White "Chatalbashev,B"]
[Black "Petkov,V"]
[Result "1/2-1/2"]
[WhiteElo "2555"]
[BlackElo "2484"]
[EventDate "2010.04.07"]

1. d4 Nf6 2. Nf3 g6 3. Nc3 d5 4. Bf4 Bg7 5. e3 O-O 6. Be2 c6 7. Ne5 Nfd7 8.
Nf3 Nf6 9. Ne5 Nfd7 10. Nf3 Nf6 11. Ne5 1/2-1/2

[Event "74th ch-BUL"]
[Site "Kyustendil BUL"]
[Date "2010.04.15"]
[Round "11"]
[White "Janev,E"]
[Black "Radulski,J"]
[Result "1-0"]
[WhiteElo "2450"]
[BlackElo "2592"]
[EventDate "2010.04.07"]

1. e4 e5 2. Bc4 Nf6 3. d3 Nc6 4. Nf3 Be7 5. c3 O-O 6. Nbd2 d6 7. Bb3 a5 8.
a4 Nd7 9. Bc2 Nb6 10. Nf1 f5 11. Ne3 f4 12. Nd5 Bg4 13. Nxb6 cxb6 14. Bb3+
Kh8 15. h3 Bh5 16. Be6 Nb8 17. Bg4 Bf7 18. h4 Nc6 19. c4 Bg8 20. Bd2 Qe8
21. h5 Bf6 22. Bc3 Nd8 23. Qb3 Qc6 24. Qd1 Be7 25. Nh4 Bxh4 26. Rxh4 h6 27.
b3 Qe8 28. Rh1 Qe7 29. Kf1 Qg5 30. d4 Nc6 31. Bf3 Bh7 32. Ra2 Rae8 33. dxe5
dxe5 34. Rd2 Rd8 35. Rd5 Bg8 36. Ke2 Bxd5 37. cxd5 Rfe8 38. Re1 Nd4+ 39.
Bxd4 exd4 40. Kf1 Qh4 41. Qxd4 Rc8 42. Kg1 Rc2 43. e5 Rec8 44. e6 Rc1 45.
Bd1 Qg5 46. e7 Re8 47. d6 f3 48. g3 1-0

[Event "74th ch-BUL"]
[Site "Kyustendil BUL"]
[Date "2010.04.15"]
[Round "11"]
[White "Berbatov,K"]
[Black "Iotov,V"]
[Result "1/2-1/2"]
[WhiteElo "2481"]
[BlackElo "2568"]
[EventDate "2010.04.07"]

1. e4 c6 2. d4 d5 3. e5 Bf5 4. Nc3 e6 5. g4 Bg6 6. Nge2 f6 7. h4 c5 8. f4
Nc6 9. Be3 Nh6 10. Ng3 cxd4 11. Bxd4 fxe5 12. Bxe5 Nf7 13. h5 Nfxe5 14.
hxg6 Nxg6 15. f5 Qc7 16. Nh5 Nf4 17. fxe6 Nxh5 18. Rxh5 Qg3+ 19. Kd2 Qf4+
20. Ke1 Qg3+ 21. Kd2 g6 22. Rh3 Bh6+ 23. Ke2 Qxg4+ 24. Ke1 Qxe6+ 25. Qe2
Qxe2+ 26. Bxe2 Bg7 27. Re3+ Be5 28. Nxd5 O-O-O 29. Ne7+ Nxe7 30. Rxe5 Nc6
31. Re3 Rhe8 32. Rxe8 Rxe8 33. c3 Kc7 34. Kf2 a5 35. a3 Re5 36. Rh1 h5 37.
b4 Kd6 38. Bf3 Ke6 39. Rg1 Kf5 40. Rd1 axb4 41. cxb4 Re7 42. Bxc6 bxc6 43.
Rc1 Re6 44. a4 g5 45. a5 Re4 46. Rb1 Rf4+ 47. Kg2 Ke6 48. a6 Kd6 49. a7 Rf8
50. b5 cxb5 1/2-1/2

[Event "74th ch-BUL"]
[Site "Kyustendil BUL"]
[Date "2010.04.16"]
[Round "12"]
[White "Arnaudov,G"]
[Black "Iotov,V"]
[Result "0-1"]
[WhiteElo "2404"]
[BlackElo "2568"]
[EventDate "2010.04.07"]

1. d4 Nf6 2. c4 g6 3. Nc3 d5 4. Bg5 Ne4 5. Bh4 Nxc3 6. bxc3 dxc4 7. e3 Be6
8. Rb1 b6 9. Be2 Bg7 10. Nf3 O-O 11. Nd2 Bd5 12. O-O c5 13. Bxc4 Nc6 14.
Qa4 Bxc4 15. Nxc4 Qd5 16. dxc5 bxc5 17. Na5 Nxa5 18. Qxa5 Qe4 19. Bg3 Qc4
20. Qb5 Qxa2 21. Qxc5 Qe6 22. Rfc1 Rfc8 23. Qa3 Bf6 24. Qa5 Qc4 25. Rb4 Qd3
26. Be5 Qf5 27. f4 Qd3 28. Re1 Bxe5 29. Qxe5 Qxc3 30. Qxc3 Rxc3 31. Kf2 a5
32. Ra4 Kg7 33. Rea1 Rc5 34. g4 e5 35. R1a3 Kf6 36. g5+ Ke6 37. Kf3 Kd6 38.
h4 Kc6 39. h5 exf4 40. hxg6 hxg6 41. exf4 Kb5 42. Re4 Rac8 43. Re7 R8c7 44.
Rb3+ Ka6 45. Re8 Rc3+ 46. Rxc3 Rxc3+ 47. Ke4 Rc7 48. f5 gxf5+ 49. Kxf5 a4
50. Kf6 Kb5 51. Re5+ Kb4 52. Re4+ Kb3 53. Re3+ Kb2 54. Re2+ Kc3 55. Re3+
Kd4 56. Ra3 Ra7 57. Ra1 a3 58. Ra2 Ke4 59. Re2+ Kd3 60. Ra2 Kd4 61. Rd2+
Kc3 62. Rf2 Rc7 63. Rf3+ Kb2 64. Rf2+ Rc2 65. Rf1 Rg2 66. Rf5 a2 67. Rb5+
Kc1 68. Ra5 Rf2+ 69. Kg7 Kb1 70. Rb5+ Rb2 71. Rf5 Rb7 72. Rf1+ Kb2 73. Rf2+
Ka3 74. Rf3+ Ka4 75. Rf4+ Ka5 76. Rf1 Rb1 77. Rf5+ Ka6 78. Rf6+ Ka7 0-1

[Event "74th ch-BUL"]
[Site "Kyustendil BUL"]
[Date "2010.04.16"]
[Round "12"]
[White "Radulski,J"]
[Black "Berbatov,K"]
[Result "1-0"]
[WhiteElo "2592"]
[BlackElo "2481"]
[EventDate "2010.04.07"]

1. e4 c5 2. Nc3 d6 3. f4 g6 4. Nf3 Bg7 5. h3 Nc6 6. d3 e6 7. g4 Nge7 8. Bg2
b6 9. O-O Bb7 10. Be3 Nd4 11. Bf2 Nxf3+ 12. Qxf3 Qd7 13. Rae1 h5 14. g5 b5
15. Qd1 b4 16. Ne2 Rc8 17. c3 a5 18. h4 O-O 19. Qc2 a4 20. a3 bxa3 21. bxa3
Ba6 22. Rb1 Rb8 23. c4 Bb7 24. Be1 Bc6 25. Bc3 e5 26. f5 Rxb1 27. Qxb1 f6
28. Qc1 gxf5 29. Bh3 Qd8 30. exf5 d5 31. Ng3 dxc4 32. dxc4 Qd3 33. Kh2 fxg5
34. Qxg5 Qxc3 35. Nxh5 Qb2+ 36. Kg1 Qd4+ 37. Rf2 Nxf5 38. Bxf5 Rf7 39. Qg3
Qd1+ 40. Rf1 Qxf1+ 41. Kxf1 Rxf5+ 42. Ke1 Rxh5 43. Qg4 Rh6 44. Qc8+ Bf8 45.
Qg4+ Kf7 46. Qf5+ Rf6 47. Qh5+ Ke6 48. Qg4+ Kd6 49. Qc8 Be7 50. h5 Rf8 51.
Qg4 Bf3 52. Qg6+ Rf6 53. Qd3+ Kc7 54. h6 e4 55. Qd2 Rf7 56. Qd5 Bh4+ 57.
Kf1 Rd7 58. Qxc5+ Kb7 59. Qb5+ Kc8 60. Qf5 e3 1-0

[Event "74th ch-BUL"]
[Site "Kyustendil BUL"]
[Date "2010.04.16"]
[Round "12"]
[White "Petkov,V"]
[Black "Janev,E"]
[Result "0-1"]
[WhiteElo "2484"]
[BlackElo "2450"]
[EventDate "2010.04.07"]

1. d4 d6 2. Nf3 Nf6 3. c4 g6 4. Nc3 Bg7 5. e4 O-O 6. h3 e5 7. d5 Na6 8. Bg5
c6 9. Nd2 h6 10. Be3 Nh5 11. g3 Qf6 12. Nb3 cxd5 13. cxd5 Qe7 14. Rc1 Bd7
15. Na5 Be8 16. Qb3 Nc5 17. Bxc5 dxc5 18. Qxb7 Bd7 19. Bb5 Qg5 20. Rc2 Bxb5
21. Qxb5 f5 22. h4 Qf6 23. Qd3 Rad8 24. Nc4 Rd7 25. Rd2 Qd8 26. Kd1 Qb8 27.
Re1 Kh8 28. Kc2 Nf6 29. exf5 e4 30. Qe3 gxf5 31. d6 Qb4 32. Ne5 Rb7 33. Kd1
Kh7 34. d7 Qb6 35. g4 Qe6 36. d8=Q Rxd8 37. Rxd8 Qxe5 38. gxf5 Rxb2 39. Rg1
Qxf5 40. Rd2 Ng4 41. Qg3 Rxd2+ 42. Kxd2 h5 43. Nd1 Qd5+ 44. Ke1 Qxa2 45.
Qd6 Qa5+ 46. Kf1 Qb5+ 47. Ke1 Qb4+ 48. Kf1 Qc4+ 49. Kg2 Qf7 50. Re1 Be5 51.
Qxc5 Qf3+ 0-1

[Event "74th ch-BUL"]
[Site "Kyustendil BUL"]
[Date "2010.04.16"]
[Round "12"]
[White "Georgiev,Ki"]
[Black "Chatalbashev,B"]
[Result "1/2-1/2"]
[WhiteElo "2669"]
[BlackElo "2555"]
[EventDate "2010.04.07"]

1. d4 Nf6 2. Nf3 g6 3. c4 c5 4. d5 Bg7 5. Nc3 d6 6. e4 O-O 7. Bd3 e6 8. h3
Na6 9. a3 exd5 10. cxd5 Re8 11. O-O c4 12. Bc2 Nc5 13. Re1 b5 14. Bf4 Bb7
15. Nd4 Qb6 16. Nc6 Bxc6 17. dxc6 Re6 18. b4 cxb3 19. Bxb3 Nxb3 20. Qxb3
Qxc6 21. Rac1 Qe8 22. Qxb5 Qxb5 23. Nxb5 Rxe4 24. Bxd6 Rae8 25. Red1 Re2
26. Bc5 a5 27. Kf1 Ra2 28. Nd6 Ra8 29. Nc4 Ne4 30. Be3 f5 31. g3 a4 32. Rd7
Rc8 33. Rb1 Bf8 34. Nb6 Rb8 35. Rc1 Rxa3 36. Nd5 Rab3 37. Rcc7 a3 38. Ra7
a2 39. Rxa2 R3b7 40. Ra7 Rxd7 41. Rxd7 Bg7 42. Kg2 Re8 43. g4 fxg4 44. hxg4
h6 45. f4 Nf6 46. Rxg7+ Kxg7 47. Bd4 Re2+ 48. Kf3 Rd2 49. Bxf6+ Kf7 50. Nc3
Rd3+ 51. Ke4 Rg3 52. g5 hxg5 53. fxg5 Rg1 54. Ke5 Ra1 55. Kd5 Ra5+ 56. Ke4
Rf5 57. Nd5 Ke6 58. Nf4+ Kf7 59. Bd8 Rb5 60. Nd5 Rb1 61. Bf6 Re1+ 62. Ne3
Ke6 63. Bd4 Rg1 64. Kf4 Rb1 65. Bf6 Rb4+ 66. Kf3 Ra4 67. Nc2 Kf5 68. Ne3+
Ke6 69. Bd8 Kd7 70. Bf6 Ke6 1/2-1/2

[Event "74th ch-BUL"]
[Site "Kyustendil BUL"]
[Date "2010.04.16"]
[Round "12"]
[White "Badev,K"]
[Black "Spasov,V"]
[Result "0-1"]
[WhiteElo "2396"]
[BlackElo "2599"]
[EventDate "2010.04.07"]

1. e4 c5 2. Nf3 Nc6 3. d4 cxd4 4. Nxd4 Nf6 5. Nc3 e5 6. Ndb5 d6 7. Bg5 a6
8. Na3 b5 9. Nd5 Be7 10. Bxf6 Bxf6 11. c4 b4 12. Nc2 O-O 13. Qf3 Bg5 14. h4
Bh6 15. g4 f6 16. Qg3 Be6 17. Rg1 Bxd5 18. cxd5 Bf4 19. Qd3 Ne7 20. Nxb4
Qb6 21. Qc4 Rfc8 22. Nc6 Nxc6 23. dxc6+ Kh8 24. Rb1 Rxc6 25. Qd5 Rac8 26.
Bd3 Be3 27. Rg2 Qb4+ 28. Kf1 Qd2 29. Kg1 Rc1+ 30. Rxc1 Rxc1+ 31. Bf1 Qxd5
32. exd5 Bf4 33. g5 f5 34. b4 Kg8 35. a4 Kf8 0-1

[Event "74th ch-BUL"]
[Site "Kyustendil BUL"]
[Date "2010.04.16"]
[Round "12"]
[White "Marholev,D"]
[Black "Kukov,V"]
[Result "1/2-1/2"]
[WhiteElo "2423"]
[BlackElo "2368"]
[EventDate "2010.04.07"]

1. e4 c6 2. d4 d5 3. e5 c5 4. dxc5 Nc6 5. Bb5 Qa5+ 6. Nc3 e6 7. Be3 Bd7 8.
Nf3 Nge7 9. a3 Nf5 10. Bf4 Qd8 11. b4 Be7 12. Bd3 g5 13. Bg3 Nxg3 14. hxg3
g4 15. Nh2 Nxe5 16. Nxg4 Nxg4 17. Qxg4 Bf6 18. Kd2 b6 19. Rae1 Bxc3+ 20.
Kxc3 bxc5 21. Qg7 Rf8 22. Rxh7 cxb4+ 23. axb4 Rc8+ 24. Kd2 Qb6 25. Ke2 Qxb4
26. Kf1 Rxc2 27. Bxc2 Bb5+ 28. Re2 Qd2 29. Kg1 Qxe2 30. Bg6 Qf1+ 31. Kh2
Qxf2 32. Qc3 Bd7 33. Qb4 Qf6 34. Qb8+ Ke7 35. Qb4+ Ke8 36. Qb8+ Ke7 37.
Qb4+ Ke8 38. Qb8+ 1/2-1/2

[Event "74th ch-BUL"]
[Site "Kyustendil BUL"]
[Date "2010.04.16"]
[Round "12"]
[White "Milchev,N"]
[Black "Nikolov,Mo"]
[Result "0-1"]
[WhiteElo "2382"]
[BlackElo "2550"]
[EventDate "2010.04.07"]

1. Nf3 d5 2. c4 e6 3. g3 Nf6 4. Bg2 Be7 5. O-O O-O 6. d4 c6 7. Qc2 b6 8.
Nbd2 Nbd7 9. e4 a5 10. e5 Ne8 11. cxd5 cxd5 12. Re1 Ba6 13. Nf1 Rc8 14. Qd1
Nb8 15. h4 Nc6 16. a3 Bb5 17. Bf4 a4 18. Ne3 Na5 19. Rb1 Nc7 20. Ng5 Nb3
21. Ng4 Na6 22. Bf1 Bxf1 23. Rxf1 Qc7 24. Nxh7 Kxh7 25. Nf6+ Bxf6 26. Qh5+
Kg8 27. exf6 Qc2 28. fxg7 Kxg7 29. Bh6+ Kg8 30. Rbe1 Qf5 31. Qd1 Qg6 32.
Bxf8 Kxf8 33. Re5 Rc4 34. Rg5 Qf6 35. Qg4 Nxd4 36. Rg8+ Ke7 37. Kg2 Nf5 38.
Qe2 Nc5 39. Rb8 Nxh4+ 40. gxh4 Qg6+ 41. Kh3 Qf5+ 42. Kg3 Qf4+ 43. Kg2 Qxb8
0-1

[Event "74th ch-BUL"]
[Site "Kyustendil BUL"]
[Date "2010.04.17"]
[Round "13"]
[White "Nikolov,Mo"]
[Black "Arnaudov,G"]
[Result "1-0"]
[WhiteElo "2550"]
[BlackElo "2404"]
[EventDate "2010.04.07"]

1. d4 Nf6 2. c4 Nc6 3. Nf3 e6 4. a3 d6 5. Nc3 g6 6. e4 Bg7 7. Be2 O-O 8.
O-O Re8 9. d5 exd5 10. cxd5 Ne7 11. Re1 c6 12. dxc6 Nxc6 13. Bf1 Bg4 14. h3
Bxf3 15. Qxf3 d5 16. Bg5 Nd4 17. Qd3 dxe4 18. Nxe4 Qb6 19. Nxf6+ Bxf6 20.
Bxf6 Qxf6 21. b4 a6 22. a4 Rad8 23. Rxe8+ Rxe8 24. Rc1 Rd8 25. Qe4 Qb6 26.
Rb1 Qc7 27. Rd1 Ne6 28. Rxd8+ Nxd8 29. h4 h5 30. Bc4 Kg7 31. Qd4+ Kg8 32.
g3 Nc6 33. Qf6 Ne5 34. Bd5 Kf8 35. Bxb7 Qxb7 36. Qh8+ Ke7 37. Qxe5+ Kd7 38.
b5 a5 39. Qc5 Ke6 40. b6 Qa6 41. Qc6+ 1-0

[Event "74th ch-BUL"]
[Site "Kyustendil BUL"]
[Date "2010.04.17"]
[Round "13"]
[White "Kukov,V"]
[Black "Milchev,N"]
[Result "1/2-1/2"]
[WhiteElo "2368"]
[BlackElo "2382"]
[EventDate "2010.04.07"]

1. c4 Nf6 2. Nc3 g6 3. e4 d6 4. d4 Bg7 5. Nf3 O-O 6. Be2 e5 7. O-O exd4 8.
Nxd4 Nc6 9. Nc2 Re8 10. f3 Nh5 11. g4 Be5 12. gxh5 Bxh2+ 13. Kxh2 Qh4+ 14.
Kg2 Bh3+ 15. Kh2 Bg4+ 16. Kg2 Bh3+ 17. Kh2 Bg4+ 18. Kg2 Bh3+ 19. Kh1 Bg4+
20. Kg1 Qg3+ 21. Kh1 Qh3+ 22. Kg1 Qg3+ 23. Kh1 Qh3+ 24. Kg1 1/2-1/2

[Event "74th ch-BUL"]
[Site "Kyustendil BUL"]
[Date "2010.04.17"]
[Round "13"]
[White "Spasov,V"]
[Black "Marholev,D"]
[Result "1-0"]
[WhiteElo "2599"]
[BlackElo "2423"]
[EventDate "2010.04.07"]

1. e4 d6 2. d4 Nf6 3. Nc3 g6 4. f4 Bg7 5. e5 dxe5 6. dxe5 Qxd1+ 7. Kxd1 Ng4
8. Ke1 Nc6 9. h3 Nh6 10. Nd5 Nd4 11. Nxc7+ Kd7 12. Nxa8 Nxc2+ 13. Kf2 Nxa1
14. Bb5+ Kd8 15. Nf3 Be6 16. Be3 Nc2 17. Bxa7 Nb4 18. Rd1+ Kc8 19. Nd4 Bxa2
20. Rc1+ Nc6 21. Nxc6 bxc6 22. Rxc6+ Kb7 23. Rc7+ 1-0

[Event "74th ch-BUL"]
[Site "Kyustendil BUL"]
[Date "2010.04.17"]
[Round "13"]
[White "Chatalbashev,B"]
[Black "Badev,K"]
[Result "1-0"]
[WhiteElo "2555"]
[BlackElo "2396"]
[EventDate "2010.04.07"]

1. d4 d5 2. Nf3 c6 3. c4 Nf6 4. Nc3 e6 5. e3 Nbd7 6. Bd3 Bd6 7. O-O O-O 8.
e4 dxc4 9. Bxc4 e5 10. Be3 Qe7 11. Re1 h6 12. Nh4 Nb6 13. Ng6 Qc7 14. dxe5
Bxe5 15. Nxe5 Qxe5 16. Bd4 Qg5 17. e5 Ng4 18. Bb3 c5 19. Bxc5 Rd8 20. Qf3
Nxe5 21. Rxe5 Qxe5 22. Qxf7+ Kh8 23. Be7 Bd7 24. Bxd8 Rxd8 25. Rd1 Re8 26.
h3 Bc6 27. Qg6 Nd7 28. Nd5 Nf8 29. Qf7 Nh7 30. Nf4 Be4 31. Rd5 Qb8 32. Rd7
Qe5 33. Ne6 Rg8 34. Nd8 Nf6 35. Qxg8+ 1-0

[Event "74th ch-BUL"]
[Site "Kyustendil BUL"]
[Date "2010.04.17"]
[Round "13"]
[White "Janev,E"]
[Black "Georgiev,Ki"]
[Result "0-1"]
[WhiteElo "2450"]
[BlackElo "2669"]
[EventDate "2010.04.07"]

1. e4 c5 2. Nf3 e6 3. Qe2 Nc6 4. g3 g6 5. Bg2 Bg7 6. Na3 Nge7 7. e5 d6 8.
exd6 Qxd6 9. c3 O-O 10. O-O b6 11. d4 cxd4 12. Nxd4 Nxd4 13. cxd4 Nd5 14.
Rd1 Bb7 15. Bg5 h6 16. Bd2 Rfd8 17. Rac1 Qe7 18. Nc4 Rac8 19. Ne5 Nf6 20.
Bc6 Rxd4 21. Qf3 Nd7 22. Nxd7 Rxc6 23. Bc3 Rxd7 24. Rxd7 Qxd7 25. Rd1 Qe7
26. Qf4 Bxc3 27. bxc3 Rc8 28. Qxh6 Rd8 29. Re1 Qf6 0-1